| 000 | 00408nam a22001577a 4500 | ||
|---|---|---|---|
| 003 | dpl | ||
| 005 | 20230828113239.0 | ||
| 008 | 230828b |||||||| |||| 00| 0 eng d | ||
| 040 | _c- | ||
| 082 | _a485-BRI | ||
| 100 |
_aNandan Lal, Brij _955372 |
||
| 245 |
_aNew Style English Grammar & Composition _hEnglish |
||
| 260 |
_aA.I.C.B. _bDelhi _cRohini |
||
| 300 |
_a12x113 _f1-6 |
||
| 942 |
_2ddc _cBRLEN _k485 _mBRI |
||
| 999 |
_c197571 _d197571 |
||